00423nam a2200145Ia 4500003000900000008004100009040001600050080001600066110003000082245005400112260004800166300000900214650003100223650002300254IN-BaIIA211028s9999 xx 000 0 eng d cIIA Library a658.31bEAS aIndia. Eastern Law Agency 0aTransfer of property act-1882cEastern Law Agency aAllahabadbColonelganj Law Publishersc1975 a42p. a Central Government Rules aOthers Thesaurus